| 000 | 01261nam a22002537a 4500 | ||
|---|---|---|---|
| 005 | 20081127112012.0 | ||
| 008 | 081127t xxu||||| |||| 00| 0 hin d | ||
| 010 | _aHIN-85263 | ||
| 020 |
_a8120004149 _c160.00 |
||
| 035 | _aHN-57609 | ||
| 037 | _bDBAD/PUB | ||
| 040 |
_aDPL _bHN |
||
| 082 | _a796.0954 | ||
| 100 | _aपांडेय, लक्ष्मीकान्त | ||
| 245 |
_aभारतीय खेल इतिहास का चतुरंग / _cलक्ष्मीकान्त पांडेय |
||
| 246 |
_aBhaaratiya khela itihaasa kaa chaturanga _bby Laxmikant Pandey |
||
| 260 |
_aनई दिल्ली _bमेट्रोलिटन बुक कम्पनी _c2008 |
||
| 270 |
_a1, नेताजी सुभाष मार्ग _bनई दिल्ली _e110 002 |
||
| 300 |
_a172पृ. _c21सेमी(सजिल्द) |
||
| 650 |
_aखेल-कूद _xइतिहास _zभारत |
||
| 650 |
_aSports _xHistory _zIndia |
||
| 942 |
_2ddc _cHN _h796.0954 _mपांडेय |
||
| 999 |
_c19237 _d19237 |
||